Stazioni della linea ferroviaria Bologna - Ancona - Statistics

Statistiche generali
  • Questo quiz è stato fatto 154 volte
  • Il punteggio medio è 17 su 32
Statistiche sulle risposte
Progressiva chilometrica (km/m) Stazioni % Corretto
111 + 042 Rimini
94%
203 + 996 Ancona
91%
0 + 000 Bologna Centrale
89%
64 + 773 Forlì
89%
82 + 624 Cesena
88%
34 + 056 Imola
85%
121 + 035 Riccione
84%
144 + 422 Pesaro
81%
49 + 062 Faenza
75%
129 + 321 Cattolica - San Giovanni - Gabicce
73%
178 + 158 Senigallia
72%
156 + 885 Fano
71%
195 + 299 Falconara Marittima
57%
41 + 832 Castelbolognese - Riolo Terme
56%
23 + 034 Castel San Pietro Terme
56%
71 + 506 Forlimpopoli - Bertinoro
55%
169 + 111 Marotta - Mondolfo
53%
6 + 545 San Lazzaro di Savena
49%
116 + 278 Rimini Miramare
47%
2 + 628 Bologna San Vitale
45%
106 + 969 Rimini Fiera
39%
101 + 273 Santarcangelo di Romagna
38%
96 + 216 Savignano sul Rubicone
38%
200 + 557 Ancona Torrette
36%
13 + 013 Ozzano dell'Emilia
35%
89 + 632 Gambettola
31%
190 + 562 Montemarciano
24%
185 + 030 Marzocca
17%
198 + 307 Palombina
17%
10 + 906 Mirandola - Ozzano (posto di movimento)
16%
16 + 256 Varignana
14%
69 + 510 Villa Selva
13%
Nessun quiz corrispondente trovato
Distribuzione punteggi
Percentuale di utenti per punteggio
Percentile per numero di risposta
I tuoi punteggi nel tempo
Non hai fatto questo quiz